000 01603cam a2200349Li 4500
001 ocn493895583
003 TZ-ArACH
005 20120222133840.0
008 080219s2007 cou f b 001 0 eng d
020 _a0813343267 (pbk)
020 _a9780813343266
035 _a(OCoLC)493895583
040 _aZWZ
_encafnor
_bfre
_cTZ-ArACH
_dMUQ
_dCHRRO
041 _aEng
049 _aTZAA
050 0 0 _aJC571
_b.D753
082 0 4 _a341.4/81
_221
100 1 _aDonnelly, Jack.
_eAuteur.
_94315
245 1 0 _aInternational human rights
_h[Texte imprimé] /
_cJack Donnelly.
250 _aThird edition.
260 _aBoulder, Colo. :
_bWestview Press,
_ccop. 2007.
300 _a1 vol. (XIV-247 p.) ;
_c23 cm.
490 1 _aDilemmas in World Politics
504 _aBibliogr. en fin de chapitres. Index.
505 0 _aHuman rights as an issue in world politics -- Theories of human rights -- The relative universality of human rights -- The domestic politics of human rights: the case of the southern cone -- The multicultural politics of human rights -- Human rights and foreign policy -- Responding to Tiananmen -- Humanitarian intervention against genocide -- Globalization, the state, and human rights -- Terrorism and human rights
650 7 _aDroits de l'homme (droit international).
_94316
650 7 _aHuman rights (international law)
_94317
650 6 _aDroits de l'homme (Droit international)
_94318
830 0 _aDilemmas in World Politics.
_94319
942 _2lcc
_cBOOK
999 _c1553
_d1553